| 000 | 00459nam a2200181Ia 4500 | ||
|---|---|---|---|
| 005 | 20250423095736.0 | ||
| 008 | 250422s9999 xx 000 0 und d | ||
| 020 | _a9789386910318 | ||
| 050 | _aQD 75 .M57/ | ||
| 100 | _aMishra, Satish | ||
| 245 | 0 | _aInstrumental methods of chemical analysis. | |
| 260 | _aNew Delhi | ||
| 260 | _bWave books | ||
| 260 | _c2018 | ||
| 300 | _a254 p | ||
| 650 | _aChemistry, Analytic. Chemical apparatus. | ||
| 942 | _cBK | ||
| 999 |
_c31193 _d31193 |
||